| 000 | 00848nam0a22002411 4500 | ||
|---|---|---|---|
| 001 | rc\2625919 | ||
| 005 | 20230504122431.0 | ||
| 035 | _a(NLR Aleph) 006789481 | ||
| 090 |
_a6128696 _c6128696 |
||
| 100 | _a20110914d1931 |||y0rusy50 ca | ||
| 101 | 0 | _arus | |
| 102 | _aRU | ||
| 105 | _ay z ||||| | ||
| 200 | 1 |
_a13 лет борьбы за революционно-марксистскую теорию права _eСборник статей 1917-1930 _fП. Стучка |
|
| 210 |
_aМосква _cГос. юрид. изд-во _d1931 _eЛенинград _gтип. им. Евг. Соколовой |
||
| 215 |
_a236 с. _d22х15 см. |
||
| 700 | 1 |
_aСтучка _bП. И. _f1865-1932 _gПетр Иванович |
|
| 801 | 0 |
_aRU _bNLR _gpsbo |
|
| 801 | 1 |
_aRU _bELAR _2rusmarc |
|
| 852 |
_aNLR _j31-3/216 |
||
| 942 | _cBOOK | ||
| 980 | _aNB | ||